000 01076nam0a22002531 4500
001 rc\2776358
005 20250806204831.0
035 _a(NLR Aleph) 006902645
090 _a30844
_c30844
100 _a20110915d1941 u y0rusy50 ca
101 0 _arus
102 _aRU
105 _ay z |||||
200 1 _aИнструкция по диференцированному нормированию работы лошадей в лагерях и стройках ГУЛАГа, ГУЖДС и Главгидростоя НКВД СССР
210 _aМосква
_cВетотдел ГУЛАГа НКВД СССР
_d1941
215 _a27, [2] с.
_d14 см.
710 0 1 _aСССР
_bГлавное упр. исправительно-трудовых лагерей и мест заключения
_bВетеринарный отдел
_3RU\NLR\AUTH\889976344
801 0 _aRU
_bNLR
_gpsbo
801 1 _aRU
_bELAR
_2rusmarc
852 _aNLR
_jТ86 Г-2/30
942 _cBOOK
945 _aРоссийская национальная библиотека
980 _aNB
980 _aBV